Chemistry for sanitary engineers
-д хадгалсан:
| Үндсэн зохиолч: | |
|---|---|
| Формат: | Ном |
| Хэл сонгох: | англи |
| Хэвлэсэн: |
Nueva York
McGraw-Hill
1960
|
| Цуврал: | McGraw-Hill series in Sanitary Engineering and Science
|
| Нөхцлүүд: | |
| Шошгууд: |
Шошго нэмэх
Шошго байхгүй, Энэхүү баримтыг шошголох эхний хүн болох!
|
MARC
| LEADER | 00000nam a2200000 a 4500 | ||
|---|---|---|---|
| 001 | UCU6671 | ||
| 003 | CL-VaPUC | ||
| 008 | 960621e19600000US |||||||||||||||||eng|d | ||
| 082 | 0 | 4 | |a 628 |b SAW |2 21 |
| 100 | 0 | |a Sawyer, Clair N |e author |9 364987 | |
| 245 | 1 | 0 | |a Chemistry for sanitary engineers |
| 300 | |a 367 p | ||
| 942 | |c BK | ||
| 945 | |d 19960621 00:00:00 |a paguirre | ||
| 260 | |a Nueva York |b McGraw-Hill |c 1960 | ||
| 650 | 0 | |a Química |9 259896 | |
| 650 | 0 | |a Agua |9 257149 | |
| 650 | 0 | |a Aguas residuales |9 262614 | |
| 650 | 0 | |a Tratamiento del agua |9 262889 | |
| 650 | 7 | |a PH |2 CL-VaPUC |9 337396 | |
| 650 | 0 | |a Tecnología química |9 263002 | |
| 583 | |a last modification |c 19960621 00:00:00 |k Rodrigo Vera | ||
| 490 | 0 | |a McGraw-Hill series in Sanitary Engineering and Science | |
| 999 | |c 249508 |d 249506 | ||
| 952 | |0 0 |1 0 |4 0 |6 628_000000000000000_SAW_1960 |7 0 |8 A |9 266788 |a BIBING |b BIBING |d 2019-11-19 |i 1692348 |o 628 SAW 1960 |p 1692348 |r 2025-01-20 |w 2019-11-19 |y BK |k ING | ||